Higher engineering mathematics (Record no. 5068)

MARC details
000 -LEADER
fixed length control field 00391nam a22001577a 4500
005 - DATE AND TIME OF LATEST TRANSACTION
control field 20180425121302.0
008 - FIXED-LENGTH DATA ELEMENTS--GENERAL INFORMATION
fixed length control field 160701b xxu||||| |||| 00| 0 eng d
041 ## - LANGUAGE CODE
Language code of text/sound track or separate title eng
082 ## - DEWEY DECIMAL CLASSIFICATION NUMBER
Item number 20382
Classification number 510.2462
100 ## - MAIN ENTRY--AUTHOR NAME
Personal name Grewal.B.S.
245 ## - TITLE STATEMENT
Title Higher engineering mathematics
260 ## - PUBLICATION, DISTRIBUTION, ETC. (IMPRINT)
Name of publisher Khanna Publication
Year of publication 2014
300 ## - PHYSICAL DESCRIPTION
Number of Pages 1309
650 ## - SUBJECT ADDED ENTRY--TOPICAL TERM
Topical Term Diploma Engineering
942 ## - ADDED ENTRY ELEMENTS (KOHA)
Koha item type Books
Holdings
Lost status Damaged status Collection code Home library Current library Shelving location Date acquired Cost, normal purchase price Full call number Accession Number Koha item type
    CS/IT JRU Library JRU Library SHELF-57-G 01/07/2016 725.00 510.2462 20382 Books
    CS/IT JRU Library JRU Library SHELF-57-G 01/07/2016 725.00 510.2462 20383 Books
      JRU Library   Shelf - 10 - K 01/07/2016 725.00 510.2462 20384 Books
    CS/IT JRU Library JRU Library SHELF-57-G 01/07/2016 725.00 510.2462 20385 Books
    CS/IT JRU Library JRU Library SHELF-57-G 01/07/2016 725.00 510.2462 20386 Books